Использование управляемых штудирующих реакторов для увеличения пропускной способности электропередачи; Энергетика: экология, надежность, безопасность

Opis bibliograficzny
Parent link:Энергетика: экология, надежность, безопасность.— 2008
1. autor: Мастерова О. А. Ольга Альбертовна
Język:rosyjski
Wydane: 2008
Hasła przedmiotowe:
Dostęp online:http://www.lib.tpu.ru/fulltext/m/2009/m19.pdf#page=35
Format: MixedMaterials Elektroniczne Rozdział
KOHA link:https://koha.lib.tpu.ru/cgi-bin/koha/opac-detail.pl?biblionumber=155332

MARC

LEADER 00000naa2a2200000 4500
001 155332
005 20251204112221.0
035 |a (RuTPU)RU\TPU\book\168504 
090 |a 155332 
100 |a 20090313d2008 k y0rusy50 ca 
101 0 |a rus 
102 |a RU 
200 1 |a Использование управляемых штудирующих реакторов для увеличения пропускной способности электропередачи  |f О. А. Мастерова 
320 |a Библиогр.: 1 назв. 
337 |a Adobe Reader. 
463 0 |0 (RuTPU)RU\TPU\book\162397  |t Энергетика: экология, надежность, безопасность  |o материалы докладов 14 Всероссийской научно-технической конференции, 9-11 декабря 2008 г., Томск  |f Томский политехнический университет (ТПУ); Томская область, Администрация; Международная энергетическая академия ; под ред. В. В. Литвака [и др.]  |d 2008 
610 1 |a реакторы 
610 1 |a шунтирующие реакторы 
610 1 |a электропередача 
610 1 |a управляемые реакторы 
610 1 |a электрические сети 
610 1 |a управляемые электропередачи 
610 1 |a электропередачи переменного тока 
610 1 |a гибкие системы 
610 1 |a труды учёных ТПУ 
610 1 |a электронный ресурс 
675 |a 621.311  |v 3 
700 1 |a Мастерова  |b О. А.  |c специалист в области электроэнергетики  |c доцент Томского политехнического университета, кандидат технических наук  |f 1964-  |g Ольга Альбертовна  |3 (RuTPU)RU\TPU\pers\27988 
801 1 |a RU  |b 63413507  |c 20090313  |g PSBO 
801 2 |a RU  |b 63413507  |c 20161229  |g PSBO 
856 4 |u http://www.lib.tpu.ru/fulltext/m/2009/m19.pdf#page=35 
942 |c CF